[Event "Let's Play Chess!"]
[Site "http://www.queenalice.com/game.php?id=384925"]
[Date "2008.4.10"]
[Round "-"]
[White "Tremembe"]
[Black "spawnwolfwolverine"]
[Result "1-0"]
[WhiteElo "1444"]
[BlackElo "1503"]

1. e4 e5 2. Bc4 d6 3. Qf3 f6 4. Nh3 Bxh3 5. Qxh3 Nc6 6. Bxg8 Rxg8 7. Qxh7 Ne7 8.
Nc3 Qd7 9. Nd5 Nxd5 10. Qxg8 Nf4 11. g3 Ng6 12. Qh7 Ne7 13. Qh5+ Kd8 14. d3 b5
15. f4 a6 16. fxe5 dxe5 17. h4 c5 18. Be3 c4 19. dxc4 bxc4 20. Bd2 Rc8 21. O-O-O
Nc6 22. Ba5+ Ke7 23. Rxd7+ Kxd7 24. Qf7+ Be7 25. Rd1+ Nd4 26. Bb4 Kc6 27. Qxe7
a5 28. Bxa5 Rb8 29. Qc7+ Kb5 30. Qxb8+ Kxa5 31. c3 Ne2+ 32. Kc2 Nxg3 33. Rd5+
Ka6 34. Rb5 Nxe4 35. Qb6# 1-0

[Event "AUTO-INT-868"]
[Site "http://www.queenalice.com/game.php?id=388210"]
[Date "2008.4.15"]
[Round "1"]
[White "LEO_LEO"]
[Black "Tremembe"]
[Result "0-1"]
[WhiteElo "1333"]
[BlackElo "1547"]

1. e4 e5 2. c4 Qh4 3. g3 Qxe4+ 4. Qe2 Qxh1 5. Nf3 d6 6. g4 Bxg4 7. d3 Bxf3 8.
Qd2 d5 9. cxd5 Bg2 10. h4 Qxf1# 0-1

[Event "AUTO-INT-868"]
[Site "http://www.queenalice.com/game.php?id=388211"]
[Date "2008.4.15"]
[Round "1"]
[White "Tremembe"]
[Black "xadrezpetry"]
[Result "1-0"]
[WhiteElo "1472"]
[BlackElo "1306"]

1. e4 e6 2. d4 Qe7 3. Nh3 d5 4. e5 Qb4+ 5. Nc3 Nc6 6. a3 Qa5 7. Bd2 Nxd4 8. Bd3
f6 9. Ne4 Qb6 10. Nc3 Qxb2 11. O-O Qb6 12. Rb1 Qc6 13. Nb5 fxe5 14. Nxa7 Rxa7
15. Be3 Nf6 16. Bxd4 exd4 17. Bb5 Qxb5 18. Rxb5 Bd7 19. Qxd4 Bxb5 20. Qxa7 Bxf1
21. Kxf1 Kf7 22. Qxb7 Ng4 23. Qxc7+ Kf6 24. Qf4+ Kg6 25. Qxg4+ Kf6 26. a4 1-0

[Event "AUTO-INT-868"]
[Site "http://www.queenalice.com/game.php?id=388212"]
[Date "2008.4.15"]
[Round "1"]
[White "xadrezpetry"]
[Black "Tremembe"]
[Result "0-1"]
[WhiteElo "1403"]
[BlackElo "1429"]

1. e3 e5 2. Bc4 d5 3. Bb5+ c6 4. Ba4 b5 5. Bb3 Qf6 6. d4 e4 7. a4 Ba6 8. axb5
Bxb5 9. Nh3 Nh6 10. f3 exf3 11. gxf3 Bd6 12. Nf2 O-O 13. Ng4 Nxg4 14. fxg4 Qh4+
15. Kd2 Bb4+ 16. c3 Qf2+ 17. Qe2 Qxe2# 0-1

[Event "AUTO-INT-868"]
[Site "http://www.queenalice.com/game.php?id=388213"]
[Date "2008.4.15"]
[Round "1"]
[White "Tremembe"]
[Black "jaychess"]
[Result "1-0"]
[WhiteElo "1529"]
[BlackElo "1611"]

1. e4 e6 2. Nc3 Bd6 3. Qf3 f6 4. d4 c6 5. Bf4 e5 6. dxe5 fxe5 7. Bg3 Qf6 8. Qxf6
Nxf6 9. Bc4 b5 10. Bb3 a5 11. a4 b4 12. Nce2 Nxe4 13. Nf3 Ke7 14. O-O-O h5 15.
Bh4+ Kf8 16. Ng5 Be7 17. Nxe4 Bxh4 18. f4 exf4 19. Nxf4 Rh6 20. Rhf1 Ke7 21. g3
Bf6 22. Nxf6 gxf6 23. Rfe1+ Kf8 24. h3 d5 25. Ne6+ Bxe6 26. Rxe6 Ra7 27. c4 bxc3
28. bxc3 Kf7 29. Rde1 Rg6 30. Re8 Rb7 31. Bd1 Rh6 32. Rc8 Na6 33. Rxc6 Nc7 34.
g4 h4 35. g5 Rh7 36. Rxf6+ Kg7 37. Bb3 Rh5 38. Re7+ Kg8 39. g6 Rh8 40. g7 1-0

[Event "AUTO-INT-868"]
[Site "http://www.queenalice.com/game.php?id=388214"]
[Date "2008.4.15"]
[Round "1"]
[White "jaychess"]
[Black "Tremembe"]
[Result "0-1"]
[WhiteElo "1598"]
[BlackElo "1510"]

1. g3 e5 2. d3 Bc5 3. e3 d5 4. f4 Nc6 5. b3 Nf6 6. Bg2 Bb4+ 7. Bd2 e4 8. Nc3
Bxc3 9. Bxc3 Bg4 10. Ne2 Bxe2 11. Qxe2 exd3 12. cxd3 O-O 13. g4 d4 14. exd4 Re8
15. Be4 Nxe4 16. dxe4 Qh4+ 17. Kd2 Rad8 18. d5 f5 19. Qc4 Rxe4 20. Qd3 Qf2+ 21.
Kc1 Re3 22. Qc4 b5 23. Qxb5 Rxc3+ 24. Kd1 Nd4 25. Qf1 Qc2+ 26. Ke1 Re3+ 0-1

[Event "Let's Play Chess!"]
[Site "http://www.queenalice.com/game.php?id=392949"]
[Date "2008.4.25"]
[Round "-"]
[White "BocaDeLata"]
[Black "Tremembe"]
[Result "0-1"]
[WhiteElo "1026"]
[BlackElo "1527"]

1. d4 d5 2. Nc3 Nf6 3. h3 Nc6 4. Nf3 Bf5 5. Ne5 e6 6. Bg5 h6 7. Bh4 Nxe5 8. dxe5
g5 9. Bg3 Ne4 10. Bh2 Bb4 11. a3 Bxc3+ 0-1

[Event "Let's Play Chess!"]
[Site "http://www.queenalice.com/game.php?id=395666"]
[Date "2008.4.30"]
[Round "-"]
[White "Strogonoff"]
[Black "Tremembe"]
[Result "1-0"]
[WhiteElo "1857"]
[BlackElo "1530"]

1. e4 e5 2. Nf3 Nc6 3. Bb5 Qf6 4. Bxc6 Qxc6 5. Nc3 d6 6. d4 Bg4 7. d5 Qa6 8. h3
Bxf3 9. gxf3 Nf6 10. Bg5 Be7 11. Qd2 Qb6 12. O-O-O h6 13. Be3 Qa5 14. a3 c6 15.
Rhg1 O-O 16. Bxh6 Nh5 17. Bg5 f6 18. Bh6 Kf7 19. Be3 c5 20. f4 b5 21. Qe2 Nxf4
22. Bxf4 exf4 23. Qh5+ Kg8 24. Rg4 b4 25. Rdg1 g5 26. Qg6+ Kh8 27. Rh4+ gxh4 28.
Qg7# 1-0

[Event "Let's Play Chess!"]
[Site "http://www.queenalice.com/game.php?id=403166"]
[Date "2008.5.14"]
[Round "-"]
[White "CampbellMarcel"]
[Black "Tremembe"]
[Result "0-1"]
[WhiteElo "1824"]
[BlackElo "1546"]

1. e4 e5 2. f4 Nc6 3. d3 exf4 4. Nf3 d5 5. e5 Bg4 6. Be2 Bxf3 7. Bxf3 Qh4+ 8.
Kf1 Bc5 9. Qe2 Nd4 10. g3 fxg3 11. hxg3 Qxg3 12. Qf2 Qxe5 13. Be3 Nf6 14. Nc3
Nxf3 15. Bxc5 d4 16. Ne4 Nxe4 17. Qxf3 Nd2+ 18. Kg2 Nxf3 19. Kxf3 Qxc5 20. Rae1+
Kd7 21. Re4 Rae8 22. Rhh4 Rxe4 23. dxe4 Qxc2 24. e5 Qd3+ 25. Kf2 Qe3+ 26. Kf1 d3
27. e6+ Kxe6 28. Ra4 d2 0-1

[Event "AUTO-INT-907"]
[Site "http://www.queenalice.com/game.php?id=404861"]
[Date "2008.5.18"]
[Round "1"]
[White "Tremembe"]
[Black "joaohumberto"]
[Result "1-0"]
[WhiteElo "1546"]
[BlackElo "1533"]

1. e4 e5 2. Bc4 d6 3. Nc3 a6 4. a4 Be6 5. Bxe6 fxe6 6. d3 Ne7 7. Nf3 h6 8. b4
Nbc6 9. h3 Nxb4 10. Ba3 a5 11. O-O d5 12. Nb5 c6 13. c3 Na6 14. Nxe5 cxb5 15.
axb5 Nc7 16. Bxe7 Bxe7 17. Qh5+ Kf8 18. Qf7# 1-0

[Event "AUTO-INT-907"]
[Site "http://www.queenalice.com/game.php?id=404862"]
[Date "2008.5.18"]
[Round "1"]
[White "joaohumberto"]
[Black "Tremembe"]
[Result "1-0"]
[WhiteElo "1537"]
[BlackElo "1573"]

1. d4 d5 2. e3 Nc6 3. Bb5 Bd7 4. Nc3 e6 5. Bxc6 Bxc6 6. Nf3 Nf6 7. Ne5 Bd6 8. f4
Bxe5 9. fxe5 Nd7 10. O-O Qg5 11. e4 dxe4 12. Bxg5 h6 13. Bd2 O-O-O 14. Rxf7 g5
15. Be3 b5 16. b4 Nf8 17. Qh5 Be8 18. Nxb5 Bxf7 19. Qxf7 Rd7 20. Qe8+ Kb7 21. c4
a6 22. Nc3 c6 23. Rf1 Ng6 24. Qxd7+ Kb8 25. Qxc6 Rc8 26. Qxa6 h5 27. Qb6+ Ka8
28. Rf7 Rb8 29. Qa7# 1-0

[Event "AUTO-INT-907"]
[Site "http://www.queenalice.com/game.php?id=404863"]
[Date "2008.5.18"]
[Round "1"]
[White "Tremembe"]
[Black "mitsho"]
[Result "0-1"]
[WhiteElo "1551"]
[BlackElo "1616"]

1. e4 e5 2. Nf3 d6 3. Bc4 Nf6 4. d3 Be7 5. Nc3 O-O 6. h3 Nc6 7. a3 Na5 8. O-O
Nxc4 9. dxc4 b6 10. Nd5 Nxe4 11. g4 c6 12. Nxe7+ Qxe7 13. b4 c5 14. Qd3 Bb7 15.
b5 Rad8 16. h4 d5 17. cxd5 Bxd5 18. Nd2 Qxh4 19. Nxe4 Qxg4+ 20. Ng3 Qh3 21. Ne4
Qg4+ 22. Qg3 Qxe4 23. f3 Qd4+ 24. Kh2 Rd6 25. Rb1 Rg6 26. Qf2 Re8 27. Qxd4 exd4
28. f4 Re2+ 29. Kh3 Bg2+ 30. Kh4 Bxf1 31. Rb3 Rh2+ 0-1

[Event "AUTO-INT-907"]
[Site "http://www.queenalice.com/game.php?id=404864"]
[Date "2008.5.18"]
[Round "1"]
[White "mitsho"]
[Black "Tremembe"]
[Result "1-0"]
[WhiteElo "1639"]
[BlackElo "1529"]

1. d4 d5 2. c4 c6 3. Nc3 e6 4. e3 Bb4 5. Bd2 Nf6 6. Nf3 O-O 7. Bd3 a6 8. O-O h6
9. a3 Bxc3 10. Bxc3 b6 11. b4 g5 12. a4 a5 13. Ne5 Nbd7 14. Nxc6 Qc7 15. Ne5
Nxe5 16. dxe5 Ne4 17. Bd4 dxc4 18. Bxe4 Bb7 19. Qc2 axb4 20. Bxb7 Qxb7 21. Qxc4
h5 22. f4 g4 23. f5 Rae8 24. Qxb4 h4 25. Bc5 h3 26. Qxg4+ Kh7 27. Qxh3+ Kg7 28.
f6+ Kg6 29. Qg4+ Kh6 30. Qg7+ Kh5 31. Bxf8 Rxf8 32. Qxf8 Qe4 33. Qxf7+ Kh6 34.
Qg7+ Kh5 35. Rf3 Qg6 36. Rg3 Qxg7 37. fxg7 b5 38. g8=R Kh6 39. Rh8# 1-0

[Event "AUTO-INT-868"]
[Site "http://www.queenalice.com/game.php?id=434315"]
[Date "2008.7.16"]
[Round "2"]
[White "Tremembe"]
[Black "chapichapo"]
[Result "0-1"]
[WhiteElo "1538"]
[BlackElo "1822"]

1. e4 e5 2. Qf3 Nc6 3. Nc3 Bb4 4. a3 Nd4 5. Qd3 Ba5 6. Nf3 Nxf3+ 7. Qxf3 Qf6 8.
Qxf6 Nxf6 9. b4 Bb6 10. h3 Bd4 11. Bc4 Nxe4 12. Nxe4 Bxa1 13. c3 c6 14. O-O d5
15. Nd6+ Ke7 16. Nxc8+ Rhxc8 17. Be2 f5 18. d3 Bxc3 19. Bg5+ Ke6 20. Rc1 d4 21.
f4 b5 22. g4 g6 23. h4 a5 24. fxe5 axb4 25. axb4 Bxb4 26. Bf4 Bc3 27. Kg2 Ra2
28. Kf1 Rca8 29. Bf3 Ra1 30. Bxc6 Rxc1+ 31. Bxc1 Ra1 32. Bxb5 Rxc1+ 33. Kg2 Kxe5
34. Kf3 f4 35. Bc4 Rh1 36. Bg8 Rxh4 37. g5 Kf5 38. Bc4 Kxg5 39. Be6 Rh1 40. Bd5
Re1 41. Be4 Re3+ 42. Kf2 Kg4 43. Bf3+ Rxf3+ 44. Ke2 h5 45. Kd1 Rf2 46. Kc1 h4
0-1

[Event "AUTO-INT-868"]
[Site "http://www.queenalice.com/game.php?id=434316"]
[Date "2008.7.16"]
[Round "2"]
[White "chapichapo"]
[Black "Tremembe"]
[Result "1-0"]
[WhiteElo "1827"]
[BlackElo "1566"]

1. e4 e5 2. Nf3 Nc6 3. Bc4 d6 4. d3 h6 5. c3 Be6 6. Bxe6 fxe6 7. Qb3 d5 8. Qxb7
Nce7 9. Nxe5 a5 10. Nc6 Qc8 11. Qb5 dxe4 12. Ne5+ c6 13. Qa4 Nf6 14. dxe4 Qa6
15. Be3 h5 16. Nd2 h4 17. Ndc4 Nxe4 18. f3 Nf6 19. Bb6 h3 20. Nd6# 1-0

[Event "AUTO-INT-868"]
[Site "http://www.queenalice.com/game.php?id=434317"]
[Date "2008.7.16"]
[Round "2"]
[White "Tremembe"]
[Black "carpe_diem"]
[Result "0-1"]
[WhiteElo "1507"]
[BlackElo "1854"]

1. e4 c5 2. Bc4 e6 3. Nf3 Nc6 4. d3 d6 5. h3 Nf6 6. a3 Be7 7. Nc3 a6 8. b4 b5 9.
Ba2 Qb6 10. Be3 Nd4 11. O-O Bb7 12. bxc5 dxc5 13. Ne5 O-O 14. Rb1 Qd6 15. Bf4
Qd8 16. Ne2 Nh5 17. Nxd4 Nxf4 18. Ne2 Ng6 19. Nxg6 hxg6 20. Nf4 Qd6 21. g3 Qe5
22. Qg4 Bc8 23. Rfc1 a5 24. Rxb5 Bd7 25. Rb6 Qc3 26. Bb3 Rfd8 27. a4 Qd2 28. Ne2
Kf8 29. Qf3 Kg8 30. h4 Be8 31. Kg2 Rab8 32. Ra6 Rd6 33. Rxa5 Qxa5 34. Rh1 Bxa4
35. e5 Rdb6 36. Ra1 Rb4 37. g4 Bxh4 38. Nf4 R8b6 39. Ra3 Qa7 40. c3 Rxb3 41.
Rxb3 Bxb3 42. Nh3 Bd5 43. Qxd5 exd5 44. Nf4 Qa2 45. Nh3 Rb1 46. Kf3 g5 47. Ke3
Re1+ 48. Kf3 Qe2+ 49. Kg2 Qf1+ 50. Kh2 Qh1# 0-1

[Event "AUTO-INT-868"]
[Site "http://www.queenalice.com/game.php?id=434318"]
[Date "2008.7.16"]
[Round "2"]
[White "carpe_diem"]
[Black "Tremembe"]
[Result "1-0"]
[WhiteElo "1827"]
[BlackElo "1533"]

1. d4 d5 2. c4 dxc4 3. Nf3 Bf5 4. Nc3 a6 5. a4 h6 6. e4 Bg6 7. Bxc4 e6 8. O-O
Bb4 9. Qb3 Nc6 10. Re1 Nf6 11. Bd3 b6 12. Bd2 Bh5 13. Re3 Bxf3 14. Rxf3 Qxd4 15.
Ne2 Qe5 16. Bxb4 Nxb4 17. Qxb4 Nd7 18. Rc1 c5 19. Qd2 Nf6 20. h3 Rd8 21. Qc3
Qxc3 22. Nxc3 O-O 23. e5 Nd5 24. Bxa6 Nb4 25. Bc4 Rd2 26. Ne4 Rxb2 27. Rg3 Nc6
28. f4 Rb4 29. Ra3 Rd8 30. Nd6 Nd4 31. g4 Rb2 32. Re1 Nf3+ 33. Rxf3 g6 34. Rb3
Rxb3 35. Bxb3 g5 36. fxg5 hxg5 37. Rf1 Kg7 38. Rxf7+ Kg6 39. Bc2+ Kh6 40. Rh7#
1-0